| 000 | 00341nam a2200133Ia 4500 | ||
|---|---|---|---|
| 008 | 240624s9999 xx 000 0 und d | ||
| 041 | _aeng | ||
| 082 | _a828 POO | ||
| 100 | _aPOOLEY ROGER | ||
| 245 | _aENGLISH PROSE OF THE SEVENTEENTH CENTURY | ||
| 260 |
_c2016 _aNew Delhi _bRoutledge |
||
| 300 | _axii, 325 p.; 20 cm. | ||
| 365 |
_cRS _b31 |
||
| 999 |
_c29496 _d29496 |
||